Engineering thermodynamics (Record no. 4369)

000 -LEADER
fixed length control field 00584nam a22002177a 4500
001 - CONTROL NUMBER
control field 4369
003 - CONTROL NUMBER IDENTIFIER
control field BD-DhUET
008 - FIXED-LENGTH DATA ELEMENTS--GENERAL INFORMATION
fixed length control field 141115b xxu||||| |||| 00| 0 eng d
020 ## - INTERNATIONAL STANDARD BOOK NUMBER
International Standard Book Number 0582407265
040 ## - CATALOGING SOURCE
Original cataloging agency DLC
Language of cataloging DLC
Transcribing agency 0
Modifying agency BD-DhUET
082 ## - DEWEY DECIMAL CLASSIFICATION NUMBER
Item number ROG/1980
Classification number 621.01
100 ## - MAIN ENTRY--PERSONAL NAME
Personal name Rogers, G.F.C.
245 ## - TITLE STATEMENT
Title Engineering thermodynamics
Remainder of title work and heat transfer
250 ## - EDITION STATEMENT
Edition statement 3rd ed.
260 ## - PUBLICATION, DISTRIBUTION, ETC. (IMPRINT)
Place of publication, distribution, etc. Essex
Name of publisher, distributor, etc. English Language Books Society
Date of publication, distribution, etc. 1980
300 ## - PHYSICAL DESCRIPTION
Extent xvi,667p.
504 ## - BIBLIOGRAPHY, ETC. NOTE
Bibliography, etc Includes bibliographies
650 #0 - SUBJECT ADDED ENTRY--TOPICAL TERM
Topical term or geographic name as entry element Thermodynamics-Engineering
700 ## - ADDED ENTRY--PERSONAL NAME
Personal name Mayhew, Y. R.
942 ## - ADDED ENTRY ELEMENTS (KOHA)
Koha item type General Book
Holdings
Sublocation or collection (holding branch) Damaged status Koha full call number Source of classification or shelving scheme Koha item type Koha normalized classification for sorting Date acquired Withdrawn status Koha issues (times borrowed) Lost status Copy number Location (home branch) Shelving location Koha date last borrowed Price effective from Piece designation (barcode) Koha date last seen Not for loan
Central Library, BUET 621.01/ROG/1980 General Book621_010000000000000_ROG_19802014-11-15 1 1Central Library, BUETCirculation section2018-04-212014-11-15685842018-09-15 
Central Library, BUET 621.01/ROG/1980 General Book621_010000000000000_ROG_19802014-11-29   2Central Library, BUETCirculation section 2014-11-29679072014-11-29 
Central Library, BUET 621.01/ROG/1980 General Book621_010000000000000_ROG_19802015-01-21   3Central Library, BUETCirculation section 2015-01-21679062015-01-21 
Central Library, BUET 621.01/ROG/1980 General Book621_010000000000000_ROG_19802015-04-18 1 4Central Library, BUETCirculation section2018-09-152015-04-18685832018-10-14 
Central Library, BUET 621.01/ROG/1980 General Book621_010000000000000_ROG_19802015-04-18   5Central Library, BUETCirculation section 2015-04-18679052015-04-18